|
|
|
|
| LEADER |
01036nam a22003251a 4500 |
| 001 |
000039316 |
| 003 |
15611 |
| 005 |
20210424182442.0 |
| 008 |
160412s2002 000 |
| 020 |
|
|
|c 35000
|
| 041 |
|
|
|a vie
|
| 082 |
|
|
|a 150
|b CI-K
|
| 100 |
|
|
|a K.Cingram
|
| 242 |
|
0 |
|a Tâm lý học -- Đám đông
|
| 245 |
|
0 |
|a Cách xử thế của người nay /
|c K.Cingram; Nguyễn Hiến Lê dịch.
|
| 260 |
|
|
|a Hà Nội :
|b VHTT,
|c 2002.
|
| 300 |
|
|
|a 330 tr. ;
|c 20,5 cm.
|
| 653 |
|
|
|a Tâm lý, Giáo dục
|
| 653 |
|
|
|a Tâm lý học con người
|
| 653 |
|
|
|a Tâm lý học
|
| 653 |
|
|
|a Cách xử thế
|
| OWN |
|
|
|a LNN
|
| 902 |
|
|
|a TKV
|
| AVA |
|
|
|a UDN50
|b LNN
|d 150 CI-K
|e available
|t Error 5001 Not defined in file expand_doc_bib_avail.
|f 2
|g 0
|h N
|i 1
|
| 999 |
|
|
|a From the UDN01
|
| AVA |
|
|
|a UDN50
|b LNN
|d 150 CI-K
|e available
|t Error 5001 Not defined in file expand_doc_bib_avail.
|f 2
|g 0
|h N
|i 1
|
| TYP |
|
|
|a Monograph
|
| 980 |
|
|
|a Mạng thư viện Đại học Đà Nẵng
|